[Event "Hamar op B"]
[Site "Hamar"]
[Date "2002.11.07"]
[Round "5"]
[White "Kvisgaard, Herlog"]
[Black "Brenden, Bjorn"]
[Result "0-1"]
[WhiteElo "1099"]
[BlackElo "1340"]
[PlyCount "84"]
[EventDate "2002.09.05"]
[EventType "swiss"]
[EventRounds "7"]
[EventCountry "NOR"]
[SourceTitle "EXT 2024"]
[Source "ChessBase"]
[SourceDate "2023.10.10"]
[SourceVersion "1"]
[SourceVersionDate "2023.10.10"]
[SourceQuality "1"]

1. e4 e5 2. Bc4 Nf6 3. Nc3 Bc5 4. h3 Nc6 5. Nf3 h6 6. d3 d6 7. a3 a6 8. b4 Ba7 9. 0-0 0-0 10. Bb2 Bd7 11. Nd5 Nh7 12. c3 Ng5 13. Nxg5 Qxg5 14. Bc1 Qg6 15. Qf3 b5 16. Bb3 Rac8 17. Be3 Bxe3 18. Nxe3 Ne7 19. Rac1 c5 20. bxc5 Rxc5 21. Rfe1 Be6 22. c4 f5 23. Nd5 Nxd5 24. exd5 Bd7 25. Bd1 f4 26. Bc2 Bf5 27. h4 h5 28. Bd1 Bg4 29. Qe4 Qf6 30. Bxg4 hxg4 31. g3 fxg3 32. Rf1 gxf2+ 33. Kg2 Qh6 34. Rc2 Qxh4 35. Rcxf2 Rxf2+ 36. Rxf2 bxc4 37. dxc4 Qh3+ 38. Kg1 g3 39. Rg2 a5 40. Qg6 Rxc4 41. Qe8+ Kh7 42. Qe6 Rc1# 0-1